000
00236nam a22001097a 4500
003
OSt
008
231114b |||||||| |||| 00| 0 eng d
041
_a
eng
082
_a
621.3012
245
_a
Indian electricity rules 1956 /
942
_c
BK
999
_c
17796
_d
17796